[Event "Knjaz Milos Jezero Open"]
[Site "Belgrade SCG"]
[Date "2004.08.19"]
[Round "3"]
[White "Savic,Dragol"]
[Black "Sahovic,D"]
[Result "1-0"]
[WhiteElo "2137"]
[BlackElo "2281"]

1.d4 Nf6 2.c4 g6 3.Nc3 Bg7 4.e4 d6 5.Nf3 O-O 6.Be2 Nbd7 7.O-O e5 8.Re1 exd4
9.Nxd4 Nc5 10.f3 a5 11.Be3 c6 12.Qd2 a4 13.b4 axb3 14.axb3 Rxa1 15.Rxa1 Qb6
16.Rb1 Qb4 17.Nc2 Qa5 18.b4 Ncxe4 19.bxa5 Nxd2 20.Bxd2 Re8 21.Bd3 Nd7 22.Re1 Rd8
23.Na4 Ne5 24.Bf1 Be6 25.Nb6 c5 26.Ne3 Nc6 27.Ned5 h5 28.Bd3 Nd4 29.Bg5 Re8
30.Nf6+ Bxf6 31.Bxf6 Nc6 32.Bc3 Rb8 33.Be4 Ne7 34.Bd5 Nxd5 35.cxd5 Bf5 36.Re7 Kf8
37.Bf6 Kg8 38.Kf2 Bd3 39.Rd7 Ba6 40.Rxd6 Re8 41.Rd8 Rxd8 42.Bxd8 Kf8 43.Bf6 Ke8
44.d6 Bb5 45.Ke3 Bc6 46.Kd3 Bb5+ 47.Kc3 c4 48.g3 g5 49.h4 gxh4 50.gxh4 Bc6
51.Kxc4 Bd7 52.Nxd7 Kxd7 53.Kc5 Kc8 54.Kb6  1-0

[Event "Knjaz Milos Jezero Open"]
[Site "Belgrade SCG"]
[Date "2004.08.19"]
[Round "3"]
[White "Vasiljevic,D"]
[Black "Vrbljanac,A"]
[Result "0-1"]
[WhiteElo "2333"]
[BlackElo "2180"]

1.d4 Nf6 2.Nf3 g6 3.c4 Bg7 4.Nc3 d6 5.e4 O-O 6.Be2 e5 7.d5 a5 8.Bg5 h6 9.Bh4 Na6
10.Nd2 Qe8 11.a3 Bd7 12.b3 Nh7 13.Rb1 h5 14.f3 f5 15.O-O g5 16.Bf2 f4 17.b4 axb4
18.axb4 b6 19.c5 bxc5 20.bxc5 Nxc5 21.Bxc5 dxc5 22.Rb7 Qc8 23.Rb1 g4 24.Nb3 g3
25.Nxc5 Ng5 26.d6 Kh8 27.Nxd7 Qxd7 28.dxc7 Qxc7 29.Nd5 Qc5+ 30.Kh1 h4 31.Rb5 Qd6
32.Nxf4 Qh6 33.Nh3 Nxh3 34.gxh3 Ra2 35.hxg3 hxg3 36.Kg2 Qe3 37.Kxg3 Rxe2  0-1

[Event "Open"]
[Site "Vladimir RUS"]
[Date "2004.08.19"]
[Round "2"]
[White "Belenov,D"]
[Black "Moiseev,Vl"]
[Result "0-1"]
[WhiteElo "2383"]
[BlackElo "2151"]

1.d4 Nf6 2.Nf3 g6 3.c4 Bg7 4.Nc3 O-O 5.e4 d6 6.Be2 Nbd7 7.O-O e5 8.Re1 h6
9.Bf1 Nh7 10.Be3 Ng5 11.Nxg5 hxg5 12.Qd2 exd4 13.Bxd4 Ne5 14.Be3 g4 15.Rad1 Be6
16.b3 Qh4 17.Nb5 Qe7 18.Bg5 f6 19.Be3 Kf7 20.Qc1 a6 21.Nd4 Rh8 22.c5 dxc5
23.Nxe6 Qxe6 24.Qxc5 Rac8 25.Bf4 Bf8 26.Qc3 Bd6 27.Bg3 Ke7 28.Rd5 Rh5 29.Red1 Rd8
30.Be2 Nf7 31.Rxh5 gxh5 32.Bxd6+ Rxd6 33.Re1 c6 34.Bc4 Qe5 35.Qe3 Ng5 36.h3 Rd4
37.Bd3 c5 38.Bc2 b5 39.hxg4 hxg4 40.Qe2 g3 41.fxg3 Qxg3 42.e5 Nf3+ 43.Kf1 Nxe1
44.exf6+ Kxf6  0-1

[Event "Open"]
[Site "Vladimir RUS"]
[Date "2004.08.21"]
[Round "4"]
[White "Tonoian,A"]
[Black "Moiseev,Vl"]
[Result "1-0"]
[WhiteElo "2303"]
[BlackElo "2151"]

1.d4 Nf6 2.c4 g6 3.Nc3 Bg7 4.e4 d6 5.Be2 O-O 6.Nf3 Nbd7 7.O-O e5 8.Be3 h6
9.dxe5 dxe5 10.Qc1 Kh7 11.Nd2 Re8 12.c5 Nf8 13.Nc4 Ng4 14.Bd2 Qh4 15.h3 Nf6
16.f4 exf4 17.Rxf4 Qg3 18.e5 Bxh3 19.Qf1 N6d7 20.Ne4 Qxg2+ 21.Qxg2 Bxg2 22.Kxg2 Kg8
23.Raf1 Re7 24.Bc3 Ne6 25.R4f2 Nexc5 26.Nxc5 Nxc5 27.Bb4 b6 28.Bxc5 bxc5
29.Bd1 Rf8 30.Bb3 Bxe5 31.Re2 Bd6 32.Rxe7 Bxe7 33.Ne5 Kg7 34.Nd7 f5 35.Nxf8 Bxf8
36.Bd5 Bd6 37.Be6 Kf6 38.Bc8 h5 39.Rh1 Be5 40.b3 Bd6 41.Rh4 Ke5 42.Ra4 g5
43.Rxa7 g4 44.Ra4 h4 45.Rc4 Kf6 46.a4 Kg5 47.a5 c6 48.a6 h3+ 49.Kh1 Bb8 50.Rxc5 g3
51.Rxf5+ Kg6 52.Rc5 g2+ 53.Kg1 Ba7 54.b4  1-0

[Event "Open"]
[Site "Vladimir RUS"]
[Date "2004.08.22"]
[Round "5"]
[White "Tunik,G"]
[Black "Zaitsev,Va"]
[Result "1-0"]
[WhiteElo "2505"]
[BlackElo "2378"]

1.d4 Nf6 2.c4 g6 3.Nc3 Bg7 4.e4 d6 5.Nf3 O-O 6.Be2 e5 7.Be3 c6 8.d5 Na6 9.Nd2 Ne8
10.a3 f5 11.f3 c5 12.Bd3 f4 13.Bf2 h5 14.Qe2 Bd7 15.Rb1 Bf6 16.Kd1 Rf7 17.b4 b6
18.Bc2 Rc8 19.Qd3 Bh4 20.Bg1 Qg5 21.Qe2 cxb4 22.axb4 b5 23.Bxa7 bxc4 24.b5 Nc5
25.Nxc4 Nb7 26.Rg1 Qh6 27.Kd2 Bd8 28.Nb6 Bxb6 29.Bxb6 Nf6 30.Ra1 g5 31.Ra7 Be8
32.Rga1 g4 33.Ra8 Rxa8 34.Rxa8 Kh7 35.Bd8 Bd7 36.Bc7 gxf3 37.gxf3 Bh3 38.b6 Nd7
39.Ra7 Rg7 40.Rxb7 Rg2 41.Qxg2 Bxg2 42.Bd8 Qg7 43.Ba4 Bh3 44.Ne2 Kh6 45.Rxd7  1-0

[Event "52nd ch-HUN w"]
[Site "Budapest HUN"]
[Date "2004.08.24"]
[Round "6"]
[White "Toth,Li"]
[Black "Gara,A"]
[Result "0-1"]
[WhiteElo "2208"]
[BlackElo "2394"]

1.d4 Nf6 2.c4 g6 3.Nc3 Bg7 4.e4 d6 5.Nf3 O-O 6.Be2 Na6 7.O-O e5 8.Re1 exd4
9.Nxd4 Re8 10.Bf1 c6 11.f3 Nc5 12.Be3 a5 13.Qd2 Nfd7 14.Rad1 Qb6 15.Nde2 Bf8
16.Nf4 Ne5 17.Qf2 a4 18.h4 Qa5 19.Qg3 Ne6 20.Nxe6 Bxe6 21.c5 Rad8 22.Bd4 Nc4
23.Bxc4 Bxc4 24.cxd6 Bxd6 25.e5 Bc5 26.Qf2 Rxd4 27.Rxd4 Qa7 28.Red1 Rxe5
29.Ne4 Bxd4 30.Rxd4 Bd5 31.Nf6+ Kg7 32.Nxd5 Rxd5 33.Rd2 Qxf2+ 34.Rxf2 Rd1+
35.Kh2 Kf6 36.Re2 Ra1 37.a3 Ra2 38.Kg3 c5 39.Kf4 b5 40.Ke3 b4 41.axb4 cxb4
42.Rc2 b3 43.Rd2 Ke6 44.Rd4 Rxb2 45.Rxa4 Rxg2 46.Rb4 b2 47.Ke4 Rh2 48.Ke3 Kd5
49.Rb7 Kc4 50.Kf4 Kc3 51.Kg3 Rh1 52.Rc7+ Kd4  0-1

[Event "Open"]
[Site "Vladimir RUS"]
[Date "2004.08.24"]
[Round "7"]
[White "Vitiugov,N"]
[Black "Khismatullin,D"]
[Result "0-1"]
[WhiteElo "2465"]
[BlackElo "2556"]

1.d4 Nf6 2.c4 g6 3.Nc3 Bg7 4.e4 O-O 5.Nf3 d6 6.Be2 e5 7.O-O Na6 8.Re1 Qe8
9.Bf1 Bg4 10.d5 Nb4 11.Be2 a5 12.h3 Bd7 13.Rb1 Na6 14.Be3 Kh8 15.Nd2 Ng8
16.a3 f5 17.exf5 gxf5 18.f4 Nf6 19.Nf3 exf4 20.Bxf4 Nc5 21.Nd4 Nfe4 22.Bf3 Qd8
23.Nce2 Qf6 24.Qc2 Qh4 25.Red1 Rae8 26.Kh2 Rg8 27.g3 Nxg3 28.Bxg3 Be5 29.Bxe5+ dxe5
30.Qc3 Ne4 31.Bxe4 Qf2+ 32.Kh1 fxe4 33.Rg1 e3 34.Rbf1 Rxg1+ 35.Rxg1 Bxh3
36.Ne6 Qf3+ 37.Kh2 Qxe2+ 38.Kh1 Qf3+ 39.Kh2 Qf2+ 40.Kh1 Qf3+ 41.Kh2 Qf6 42.Ng5 Qf2+
43.Kh1 Bf1 44.Qc2 Qh4+ 45.Qh2 Qxh2+ 46.Kxh2 Rf8 47.Rg4 Bd3  0-1

[Event "8th WUCC"]
[Site "Instanbul TUR"]
[Date "2004.09.06"]
[Round "2"]
[White "Kuemin,S"]
[Black "Bitansky,I"]
[Result "1-0"]
[WhiteElo "2392"]
[BlackElo "2377"]

1.Nf3 Nf6 2.c4 g6 3.Nc3 Bg7 4.e4 d6 5.d4 O-O 6.Be2 e5 7.O-O Nbd7 8.Re1 c6
9.Bf1 exd4 10.Nxd4 Re8 11.Bg5 h6 12.Bh4 Qb6 13.Nb3 Nc5 14.Nxc5 Qxc5 15.Bg3 Bf8
16.Bf4 Be6 17.Qd2 Rad8 18.Be3 Qh5 19.Bxa7 c5 20.Bb6 Rd7 21.Nd5 Bxd5 22.exd5 Ne4
23.Qf4 Rde7 24.Bd3 g5 25.Qf5 Re5 26.Qh3 Qxh3 27.gxh3 Nd2 28.Rxe5 Nf3+ 29.Kg2 Nxe5
30.Bf1 Ra8 31.b4 cxb4 32.Rb1 Ra4 33.c5 dxc5 34.Bc7 f6 35.Bb5 Rxa2 36.d6 Rd2
37.d7 Nxd7 38.Re1 Rd4 39.Re8 b3 40.Ba5 b2 41.Re1 Ne5 42.Bc3 Nd3 43.Rb1 Rd6
44.Kf3 Bg7 45.Ke3 Nf4 46.Bc4+ Nd5+ 47.Kf3 f5 48.Bxb2 Bd4 49.Bxd4 cxd4 50.Rb5 Kg7
51.Rxd5 Rxd5 52.Bxd5 b5 53.Ke2 Kf6 54.Bc6 b4 55.Kd3 b3 56.Bd5 b2 57.Kc2 Ke5
58.Bc6 h5 59.Kxb2 h4 60.Kc2 g4 61.Kd3 Kf4 62.Bg2 Ke5 63.Bh1 Kf4 64.Kxd4 g3
65.hxg3+ hxg3 66.f3 g2 67.Bxg2 Kg3 68.Bh1  1-0

[Event "TCh-CRO"]
[Site "Rabac CRO"]
[Date "2004.09.06"]
[Round "2"]
[White "Doric,D"]
[Black "Biti,O"]
[Result "1/2-1/2"]
[WhiteElo "2300"]
[BlackElo "2352"]

1.d4 d6 2.Nf3 g6 3.c4 Bg7 4.Nc3 Nf6 5.e4 O-O 6.Be2 e5 7.O-O exd4 8.Nxd4 Nc6
9.Nxc6 bxc6 10.Be3 Re8 11.Qc2 c5 12.Rad1 Bb7 13.f3 Nd7 14.Rfe1 f5 15.Nd5 fxe4
16.fxe4 Ne5 17.Qd2 Bxd5  1/2-1/2

[Event "1st Kalamaria Open"]
[Site "Thessaloniki GRE"]
[Date "2004.09.06"]
[Round "4"]
[White "Halkias,S"]
[Black "Zakarian,D"]
[Result "1/2-1/2"]
[WhiteElo "2533"]
[BlackElo "2328"]

1.d4 g6 2.c4 Nf6 3.Nf3 Bg7 4.e4 d6 5.Nc3 O-O 6.Be2 e5 7.Be3 Nc6 8.d5 Ne7
9.Nd2 Nd7 10.b4 f5 11.f3 Nf6 12.c5 f4 13.Bf2 Kh8 14.Nc4 Ne8 15.a4 Ng8 16.Rc1 Bf6
17.Rc2 Bh4 18.g3 Bg5 19.Qa1 Bh3 20.g4 Nh6 21.Bf1 Bxf1 22.Kxf1 Bh4 23.Bg1 Nf7
24.Ke2 Qe7 25.Qf1 Nf6 26.Bf2 Nd7 27.c6 bxc6 28.dxc6 Bxf2 29.Nd5 Qe8 30.Qxf2 Nf6
31.Rd1 Ng5 32.Na5 Nxd5 33.Rxd5 Ne6 34.Nb3 a6 35.Kf1 Qb8 36.Rc4 Qa7 37.Qxa7 Rxa7
38.h4 Rb8 39.Ke2 Kg7 40.Kd3 Raa8 41.Kc3 Kf6 42.Ra5 h6 43.Rd5 g5 44.h5 Ke7
45.Ra5 Kd8 46.Rd5 Ke7 47.Kb2 Rb6 48.Kc3 Nd8 49.Na5 Ne6 50.Kb3 Nd8 51.Kc3 Ne6
52.Nb3 Nd8  1/2-1/2

[Event "8th WUCC"]
[Site "Instanbul TUR"]
[Date "2004.09.07"]
[Round "4"]
[White "Citak,S"]
[Black "Bitansky,I"]
[Result "1/2-1/2"]
[WhiteElo "2153"]
[BlackElo "2377"]

1.d4 Nf6 2.c4 d6 3.Nc3 g6 4.e4 Bg7 5.Nf3 O-O 6.Be2 e5 7.O-O Nbd7 8.Re1 c6
9.d5 Nc5 10.Qc2 a5 11.Be3 Ng4 12.Bxc5 dxc5 13.Rad1 cxd5 14.Rxd5  1/2-1/2

[Event "zt2.3.c2"]
[Site "San Jose CRC"]
[Date "2004.09.07"]
[Round "4"]
[White "Bravo,W"]
[Black "Lorenzana,W"]
[Result "0-1"]
[WhiteElo "2152"]
[BlackElo "2210"]

1.d4 Nf6 2.c4 g6 3.Nc3 Bg7 4.e4 d6 5.Be2 O-O 6.Nf3 Nbd7 7.O-O e5 8.Be3 exd4
9.Nxd4 Re8 10.f3 c6 11.Qd2 Qe7 12.Rfe1 a5 13.Rad1 Nh5 14.g3 a4 15.b4 axb3
16.axb3 Nc5 17.b4 Ne6 18.Nc2 Qf6 19.Nd4 Ra3 20.Nxe6 Bxe6 21.Nb1 Rb3 22.g4 Rb2
23.Qc1 Rxe2 24.Rxe2 Qxf3 25.Rf2 Qxg4+ 26.Rg2 Qxe4  0-1

[Event "zt2.3.c2"]
[Site "San Jose CRC"]
[Date "2004.09.07"]
[Round "4"]
[White "Leyva,H"]
[Black "Valdes,Le"]
[Result "1-0"]
[WhiteElo "2399"]
[BlackElo "2370"]

1.d4 Nf6 2.c4 g6 3.Nc3 Bg7 4.e4 d6 5.Nf3 O-O 6.Be2 e5 7.d5 a5 8.Bg5 h6 9.Bh4 Na6
10.Nd2 Qe8 11.a3 Bd7 12.b3 Nh7 13.Qb1 f5 14.f3 c5 15.Nb5 g5 16.Bf2 Qe7 17.exf5 Bxf5
18.Ne4 Rad8 19.Bd3 g4 20.fxg4 Bxg4 21.O-O Bf5 22.Nbc3 Bxe4 23.Nxe4 Ng5 24.Qe1 Rf4
25.Bg3 Rxf1+ 26.Kxf1 b6 27.Kg1 Rf8 28.Nxg5 Qxg5 29.Qe4 Rf7 30.Bh4 Qf4 31.Rf1 Qxe4
32.Bxe4 Rb7 33.Bf5 Nc7 34.Bd8 Na8 35.Bc8 Rb8 36.Be6+  1-0

[Event "TCh-SCG Men"]
[Site "Budva SCG"]
[Date "2004.09.08"]
[Round "1"]
[White "Markus,R"]
[Black "Miljanic,B"]
[Result "1-0"]
[WhiteElo "2550"]
[BlackElo "2436"]

1.d4 Nf6 2.c4 g6 3.Nc3 Bg7 4.e4 d6 5.Nf3 O-O 6.Be2 e5 7.Be3 Ng4 8.Bg5 f6
9.Bh4 g5 10.Bg3 Nh6 11.d5 f5 12.exf5 Nxf5 13.h4 Nxg3 14.fxg3 gxh4 15.Bd3 e4
16.Nxe4 Bf5 17.Rxh4 Na6 18.Qd2 c6 19.Neg5 Qe8+ 20.Kf2 Nc5 21.Bxf5 Rxf5 22.Re1 Qg6
23.Ne6 Re8 24.Nxg7 Rxf3+ 25.Kxf3 Rxe1 26.Qxe1 Qd3+ 27.Kf2  1-0

[Event "TCh-CRO"]
[Site "Rabac CRO"]
[Date "2004.09.08"]
[Round "4"]
[White "Stohl,I"]
[Black "Kozul,Z"]
[Result "1/2-1/2"]
[WhiteElo "2561"]
[BlackElo "2630"]

1.d4 Nf6 2.c4 g6 3.Nc3 Bg7 4.e4 d6 5.Be2 O-O 6.Nf3 e5 7.O-O c6 8.Re1 Na6
9.Rb1 exd4 10.Nxd4 Re8 11.Bf1 Ng4 12.h3 Qb6 13.hxg4 Qxd4 14.Qxd4 Bxd4 15.Rd1 Be5
16.g5 Nc5 17.f3 a6 18.Ne2 b5 19.Nd4 Bb7 20.Be3 b4 21.Nc2 a5 22.f4 Bg7 23.e5 Ne4
24.exd6 c5 25.d7 Red8 26.Be2 Bf8 27.Ne1 Ra7 28.Bg4 h5 29.Bh3 Ng3 30.Rd2 Nf5
31.Bxf5  1/2-1/2

[Event "zt2.3.c2"]
[Site "San Jose CRC"]
[Date "2004.09.08"]
[Round "5"]
[White "Ramos,Ef"]
[Black "Granados,C"]
[Result "0-1"]
[WhiteElo "2042"]
[BlackElo "2241"]

1.d4 Nf6 2.Nf3 g6 3.c4 Bg7 4.Nc3 O-O 5.e4 d6 6.Be2 e5 7.d5 a5 8.Bg5 h6 9.Bh4 Na6
10.Nd2 Qe8 11.g4 Nh7 12.f3 f5 13.h3 Bd7 14.Bd3 Nc5 15.Nb3 Nxd3+ 16.Qxd3 Qb8
17.Rc1 a4 18.Nd2 Qa7 19.Bf2 Qa5 20.c5 fxg4 21.hxg4 Ng5 22.cxd6 cxd6 23.Bh4 Bf6
24.f4 exf4 25.e5 Rae8 26.Qxg6+ Bg7 27.Bxg5 Rxe5+ 28.Nde4 Be8 29.Qxd6 Rxe4+
30.Kd1 Rd4+ 31.Kc2 hxg5 32.Qe6+ Bf7 33.Qf5 Re8 34.Rh7 Qa6 35.Rxg7+ Kxg7  0-1

[Event "zt2.3.c2"]
[Site "San Jose CRC"]
[Date "2004.09.09"]
[Round "6"]
[White "Davila,C"]
[Black "Martinez,Ne"]
[Result "1-0"]
[WhiteElo "2339"]
[BlackElo "2111"]

1.d4 Nf6 2.c4 g6 3.Nc3 Bg7 4.Nf3 O-O 5.e4 d6 6.Be2 e5 7.d5 h6 8.Nd2 a5 9.h4 Bd7
10.h5 g5 11.Nf1 Na6 12.Be3 Qc8 13.f3 b6 14.Qd2 Ne8 15.g4 Bf6 16.Ng3 Ng7 17.Kf2 Kh7
18.Bd1 Qe8 19.Bc2 Rb8 20.Rac1 Rb7 21.Nf5 Rb8 22.Kg2 Rb7 23.b3 Rb8 24.a4 Ra8
25.Nd1 Rb8 26.Nf2 Rg8 27.Rcf1 Nb4 28.Bb1 Rb7 29.Nxh6 Kxh6 30.Nh3 Qd8 31.f4 exf4
32.Rxf4 gxf4 33.Bxf4+ Kh7 34.Ng5+ Bxg5 35.Bxg5 Qe8 36.h6 Nf5 37.exf5 f6 38.Bxf6 Rxg4+
39.Kf3 Qg8 40.Bg7 c6 41.Kxg4 cxd5 42.Kg5  1-0

[Event "TCh-SCG Men"]
[Site "Budva SCG"]
[Date "2004.09.10"]
[Round "3"]
[White "Zivanic,M"]
[Black "Ivanisevic,I"]
[Result "1-0"]
[WhiteElo "2435"]
[BlackElo "2544"]

1.d4 Nf6 2.c4 g6 3.Nc3 Bg7 4.e4 d6 5.Nf3 O-O 6.Be2 e5 7.Be3 c6 8.d5 Ng4 9.Bg5 f6
10.Bh4 h5 11.Nd2 Nh6 12.f3 Nf7 13.Qc2 Bh6 14.Bf2 c5 15.a3 Na6 16.g4 hxg4
17.fxg4 Bd7 18.h4 Bf4 19.Nf1 Qc8 20.Rg1 Nc7 21.Be3 Ne8 22.Qd2 g5 23.Ng3 Bxg4
24.O-O-O Ng7 25.Bxf4 Bxe2 26.Ncxe2 exf4 27.Nxf4 Ne5 28.hxg5 fxg5 29.Ngh5 Rxf4
30.Rxg5 Rf7 31.Rdg1 Qh3 32.Nxg7 Rf1+ 33.Kc2 Rxg1 34.Rxg1 Nf3 35.Nf5+ Kh7
36.Rg7+ Kh8 37.Qf2 Qh1 38.Rg3 Ne1+ 39.Kd2 Re8 40.Qe3  1-0

[Event "TCh-CRO"]
[Site "Rabac CRO"]
[Date "2004.09.10"]
[Round "6"]
[White "Pinter,J"]
[Black "Kozul,Z"]
[Result "1/2-1/2"]
[WhiteElo "2512"]
[BlackElo "2630"]

1.d4 Nf6 2.c4 g6 3.Nc3 Bg7 4.e4 d6 5.Be2 O-O 6.Nf3 e5 7.O-O Na6 8.Re1 c6
9.Bf1 Bg4 10.d5 Nb4 11.Be2 a5 12.a3 Na6 13.Be3 Kh8 14.h3  1/2-1/2

[Event "8th WUCC Women"]
[Site "Instanbul TUR"]
[Date "2004.09.11"]
[Round "9"]
[White "Ovod,E"]
[Black "Calotescu,A"]
[Result "1-0"]
[WhiteElo "2308"]
[BlackElo "2307"]

1.d4 Nf6 2.c4 g6 3.Nc3 Bg7 4.e4 d6 5.Nf3 O-O 6.Be2 e5 7.O-O Na6 8.Re1 Qe8
9.Bf1 Bg4 10.d5 Nb4 11.Be2 a5 12.Be3 Bd7 13.Nd2 Na6 14.b3 h6 15.a3 Nh7 16.Rb1 f5
17.f3 f4 18.Bf2 g5 19.b4 axb4 20.axb4 b6 21.c5 bxc5 22.bxc5 Nxc5 23.Bxc5 dxc5
24.Rb7 Qc8 25.Qb3 Kh8 26.Nc4 Rb8 27.Rb1 Rxb7 28.Qxb7 g4 29.Qxc8 Bxc8 30.Nb5 gxf3
31.gxf3 Ng5 32.Nxc7 Bf6 33.Rb6 Bh3 34.Bd1 Rg8 35.Kf2 Nh7 36.Ke2 Rg1 37.Rb8+ Kg7
38.Ne8+ Kg6 39.Nxf6 Kxf6 40.Rb6+ Kg7 41.Nxe5 Ng5 42.Rg6+ Kh7 43.Rc6 c4 44.Rc7+ Kg8
45.Kd2 Rg2+ 46.Kc3 Rxh2 47.Nxc4 Rf2 48.Ne5 h5 49.d6 Be6 50.d7 Bxd7 51.Rxd7 Kf8
52.Nd3 Rf1 53.Be2 Rg1 54.Nxf4 h4 55.Rd1 Rg3 56.Ng6+ Kg7 57.Nxh4 Nxe4+ 58.Kd4 Nf6  1-0

[Event "Open"]
[Site "Pune IND"]
[Date "2004.09.11"]
[Round "9"]
[White "Ravi,L"]
[Black "Akshayraj,K"]
[Result "1/2-1/2"]
[WhiteElo "2456"]
[BlackElo "2330"]

1.d4 Nf6 2.c4 g6 3.Nc3 Bg7 4.e4 O-O 5.Nf3 d6 6.Be2 e5 7.d5 a5 8.Bg5 h6 9.Bh4 Qe8
10.Nd2 Nh7 11.O-O f5 12.exf5 gxf5 13.Bh5 Qd7 14.Nb3 c6 15.f4 e4 16.Qd2 Ra6
17.Bf2 c5 18.Rad1 a4 19.Be8  1/2-1/2

[Event "TCh-CRO"]
[Site "Rabac CRO"]
[Date "2004.09.11"]
[Round "7"]
[White "Radocaj,D"]
[Black "Zufic,M"]
[Result "1/2-1/2"]
[WhiteElo "2339"]
[BlackElo "2375"]

1.d4 Nf6 2.c4 g6 3.Nc3 Bg7 4.e4 d6 5.Nf3 O-O 6.Be2 e5 7.d5 a5 8.Be3 Na6 9.Nd2 Qe8
10.a3 Bd7 11.b3 Kh8 12.h4 Ng8 13.f3 f5 14.Qc2 Bh6 15.Bf2 Nf6 16.Bd3 Nh5 17.O-O-O Nc5
18.Kb2 c6 19.Rhe1 Nxd3+ 20.Qxd3 Nf4 21.Qf1 cxd5 22.exd5 Bg7 23.g3 Nh5 24.a4 Qf7
25.Ndb1 e4 26.f4 Nf6 27.Bd4 Rfe8 28.Qg1 Re7 29.Na3 Ng4 30.Bxg7+ Qxg7 31.Nc2 Rae8
32.Ne3 Nf6 33.Qf2 Rc8 34.Qd2 Rc5 35.Ka3 Re8 36.Qd4 Kg8 37.Rg1 Qe7 38.Rde1 Kf7
39.Rg2 Qd8 40.Qd2 Qb6 41.Ne2 Rcc8 42.Rc1 Re7 43.Rgg1 h5 44.Nd4 Ne8 45.Ka2 Rc5  1/2-1/2

[Event "zt2.3.c2"]
[Site "San Jose CRC"]
[Date "2004.09.11"]
[Round "8"]
[White "Murillo,Alex"]
[Black "Valdes,Le"]
[Result "1/2-1/2"]
[WhiteElo "2352"]
[BlackElo "2370"]

1.d4 Nf6 2.c4 g6 3.Nc3 Bg7 4.Nf3 O-O 5.e4 d6 6.Be2 e5 7.d5 a5 8.Bg5 h6 9.Bh4 Na6
10.Nd2 Qe8 11.b3 Nh7 12.f3 Bd7 13.a3 h5 14.Rb1 Bh6 15.O-O Be3+ 16.Kh1 Bc5
17.Qc1 c6 18.Rd1  1/2-1/2

[Event "zt2.3.c2"]
[Site "San Jose CRC"]
[Date "2004.09.11"]
[Round "8"]
[White "Leyva,H"]
[Black "Lorenzana,W"]
[Result "0-1"]
[WhiteElo "2399"]
[BlackElo "2235"]

1.d4 Nf6 2.Nf3 g6 3.c4 Bg7 4.Nc3 O-O 5.e4 d6 6.Be2 e5 7.d5 a5 8.Bg5 Na6 9.Nd2 Bd7
10.a3 h6 11.Be3 Nh7 12.O-O f5 13.f3 f4 14.Bf2 g5 15.Rb1 Rf7 16.b4 axb4 17.axb4 b6
18.c5 bxc5 19.bxc5 Nxc5 20.Bxc5 dxc5 21.Bc4 Kh8 22.d6 Rf8 23.dxc7 Qxc7 24.Nd5 Qd8
25.Nb6 Rb8 26.Nxd7 Qxd7 27.Bd5 Nf6 28.Rxb8 Rxb8 29.Nc4 Qc7 30.Qc2 Ne8 31.Ra1 Nd6
32.Nxd6 Qxd6 33.h3 Qb6 34.Kh2 Qb2 35.Qa4 Qb6 36.Qd7 Qd8 37.Qc6 Qf6 38.Qxc5 g4
39.hxg4 Bf8 40.Qf2 Rc8 41.Kh3 Be7 42.g3 Rc3 43.Ra2 fxg3 44.Kxg3 h5 45.Ra8+ Kh7
46.Kg2 h4 47.f4 exf4 48.e5 Qxe5 49.Bf3 Qe3 50.Qxe3 Rxe3 51.Ra7 Kg6 52.Ra6+ Kg7
53.Ra7 h3+ 54.Kf2 Kg6 55.Ra5 Bh4+ 56.Kg1 Rxf3  0-1

[Event "Open"]
[Site "Pune IND"]
[Date "2004.09.12"]
[Round "10"]
[White "Vladimirov,E"]
[Black "Thipsay,P"]
[Result "1/2-1/2"]
[WhiteElo "2628"]
[BlackElo "2469"]

1.d4 Nf6 2.c4 g6 3.Nc3 Bg7 4.e4 d6 5.Be2 O-O 6.Nf3 Na6 7.O-O e5 8.Be3 Ng4
9.Bg5 Qe8 10.dxe5 dxe5 11.h3 f6 12.Bd2 Nh6 13.c5 c6 14.Bxa6 bxa6 15.Bxh6 Bxh6
16.Qa4 Rf7 17.Rfd1 Bf8 18.Qc4 Rb8 19.Na4 a5 20.b3 Rb4 21.Qe2 Be6 22.Rac1 Rd7
23.Rxd7 Qxd7 24.Rd1 Qc7 25.Rd3 Be7 26.Nd2 Kg7 27.Qd1 Qb8 28.Qa1 Qb5 29.Qc3 Qa6
30.Kh2 Rb8 31.Nf3 Qb5 32.Rd2 Qb4 33.Qe3 Rb5 34.Rc2 Rb8  1/2-1/2

[Event "zt2.3.c2"]
[Site "San Jose CRC"]
[Date "2004.09.12"]
[Round "9"]
[White "Bravo,W"]
[Black "Granados,C"]
[Result "1-0"]
[WhiteElo "2152"]
[BlackElo "2241"]

1.d4 Nf6 2.c4 g6 3.Nc3 Bg7 4.e4 d6 5.Be2 O-O 6.Nf3 e5 7.dxe5 dxe5 8.Qxd8 Rxd8
9.Bg5 Re8 10.O-O-O Nbd7 11.Nb5 Rf8 12.Nxc7 Rb8 13.Be3 b6 14.Nd5 Bb7 15.Nd2 Rfe8
16.f3 Nf8 17.Nb3 Ne6 18.Rd2 Rbc8 19.Kb1 Nd7 20.Rhd1 Ndc5 21.Nxc5 bxc5 22.Bd3 Bc6
23.h4 h5 24.Bg5 Bxd5 25.cxd5 Nxg5 26.hxg5 Bf8 27.d6 Bxd6 28.Bb5  1-0

[Event "HUN-GER Match"]
[Site "Budapest HUN"]
[Date "2004.09.17"]
[Round "2"]
[White "Gyimesi,Z"]
[Black "Graf,A"]
[Result "1-0"]
[WhiteElo "2618"]
[BlackElo "2661"]

1.d4 Nf6 2.c4 g6 3.Nc3 Bg7 4.e4 d6 5.Nf3 O-O 6.Be2 e5 7.O-O exd4 8.Nxd4 Re8
9.f3 c6 10.Kh1 Nh5 11.g4 Nf6 12.Bf4 h5 13.g5 Nh7 14.Qd2 Na6 15.Rad1 Qe7 16.Rg1 Nf8
17.Bg3 Bh3 18.Nb3 Be5 19.f4 Bxc3 20.Qxc3 Nc5 21.Nxc5 dxc5 22.Bf3 Ne6 23.Rde1 Rad8
24.f5 Nd4 25.Bf2 Qe5 26.Bxh5 Bxf5 27.exf5 Qxf5 28.Bxd4 cxd4 29.Qf3 Qc5 30.Bg4 Rxe1
31.Rxe1 Qxg5 32.Rf1 f5 33.Bh3 Kf7 34.Bxf5 gxf5 35.Rg1 Qh6 36.Qxf5+ Ke7 37.Qe5+ Kf7
38.Qc7+  1-0

[Event "TCh-SCG Men"]
[Site "Budva SCG"]
[Date "2004.09.18"]
[Round "10"]
[White "Markus,R"]
[Black "Solak,D"]
[Result "1-0"]
[WhiteElo "2550"]
[BlackElo "2563"]

1.d4 d6 2.Nf3 Nf6 3.c4 g6 4.Nc3 Bg7 5.e4 O-O 6.Be2 e5 7.Be3 Na6 8.O-O Ng4
9.Bg5 Qe8 10.h3 h6 11.Bc1 exd4 12.Nxd4 Nf6 13.Bd3 Nc5 14.Re1 Nxd3 15.Qxd3 a6
16.Bf4 Nd7 17.Nd5 Qd8 18.Qd2 c6 19.Nc3 Ne5 20.b3 Qf6 21.Nde2 g5 22.Bg3 b5
23.Rad1 Rd8 24.Rf1 bxc4 25.f4 gxf4 26.Nxf4 cxb3 27.axb3 Qg5 28.Qe1 Ng6 29.Nce2 Re8
30.Qf2 Rxe4 31.Rxd6 Nxf4 32.Bxf4 Qe7 33.Ng3 Re6 34.Nh5 Rxd6 35.Bxd6 Qe6 36.Nxg7 Kxg7
37.Qd4+ Kh7 38.Bf8 Qg6 39.Rf6 Qh5 40.g4 Qxh3 41.Rxf7+ Kg8 42.Qg7+  1-0

[Event "TCh-BEL 2004-5"]
[Site "Belgium BEL"]
[Date "2004.09.19"]
[Round "1"]
[White "Van der Stricht,G"]
[Black "De Jonghe,B"]
[Result "1-0"]
[WhiteElo "2425"]
[BlackElo "2277"]

1.d4 Nf6 2.c4 g6 3.Nc3 Bg7 4.e4 d6 5.Nf3 O-O 6.Be2 e5 7.O-O Nbd7 8.Be3 h6
9.dxe5 dxe5 10.Nd2 Re8 11.c5 Nf8 12.Nc4 Bd7 13.Qb3 Qc8 14.Rfd1 Ng4 15.Bd2 h5
16.Nd5 Ne6 17.Bxg4 hxg4 18.Be3 Bc6 19.Na5 Nd4 20.Bxd4 exd4 21.Re1 Qd7 22.Nxc6 bxc6
23.Nf4 Rab8 24.Qc2 Qe7 25.Nd3 Qh4 26.g3 Qh5 27.Qa4 Qg5 28.Qxc6 Qd2 29.Rad1 Qc2
30.Qxc7 Rbc8 31.Qf4 Kh7 32.Rd2 Qc4 33.Qxg4  1-0

[Event "HUN-GER Match"]
[Site "Budapest HUN"]
[Date "2004.09.21"]
[Round "6"]
[White "Berkes,F"]
[Black "Kritz,L"]
[Result "1-0"]
[WhiteElo "2614"]
[BlackElo "2541"]

1.d4 Nf6 2.c4 g6 3.Nc3 Bg7 4.e4 d6 5.Nf3 O-O 6.Be2 e5 7.Be3 Ng4 8.Bg5 f6
9.Bc1 exd4 10.Nxd4 f5 11.h3 Ne5 12.exf5 gxf5 13.Nd5 Ng6 14.h4 Nxh4 15.Kf1 Ng6
16.c5 Bxd4 17.Qxd4 Nc6 18.Qc3 Nce5 19.Bh6 Rf7 20.Rd1 Be6 21.Nf4 Nxf4 22.Bxf4 Ng6
23.Qe3 Nxf4 24.Qxf4 Bxa2 25.b3 Rg7 26.Qa4 Qg5 27.Bf3 dxc5 28.Qxa2 Rd8 29.Rxd8+ Qxd8
30.g3 f4 31.g4 Rd7 32.b4+ Kf8 33.Qa1 Kg8 34.bxc5  1-0

[Event "Open"]
[Site "Bucharest ROM"]
[Date "2004.09.22"]
[Round "1"]
[White "Telea,S"]
[Black "Grigore,Ge"]
[Result "0-1"]
[WhiteElo "2161"]
[BlackElo "2507"]

1.d4 Nf6 2.c4 g6 3.Nc3 Bg7 4.e4 d6 5.Be2 O-O 6.Nf3 e5 7.O-O Nh5 8.dxe5 dxe5
9.Qxd8 Rxd8 10.Nd5 Na6 11.Rd1 Bg4 12.h3 Bxf3 13.Bxf3 c6 14.Nc3 Rxd1+ 15.Bxd1 Nf4
16.Be3 Bf8 17.a3 Bc5 18.Bxc5 Nxc5 19.b4 Nce6 20.Bg4 Nd4 21.g3 Nd3 22.Rb1 a5
23.b5 h5 24.Bd1 Rc8 25.Be2 Nxe2+ 26.Nxe2 cxb5 27.cxb5 Rc2 28.Kf1 Nc5 29.f3 Ra2
30.Rc1 b6 31.Rc3 Rb2 32.Nc1 Rxb5 33.Nd3 Nxd3 34.Rxd3 Rb2 35.Rd5 Rb3 36.Kf2 Rxa3
37.Rb5 Ra2+ 38.Kg1 a4 39.Rxb6 a3 40.Ra6 Kg7 41.h4 f6 42.Ra7+ Kf8 43.Kf1 Ke8
44.g4 Kd8 45.Ke1 Kc8 46.g5 fxg5 47.hxg5 Kb8 48.Ra5 Kc7 49.Kf1 Kb6 50.Ra8 Kc5
51.f4 exf4 52.e5 Kd5 53.Ra5+ Ke6 54.Kg1 f3 55.Kf1 Ra1+ 56.Kf2 a2  0-1

[Event "GM Classic"]
[Site "Gausdal NOR"]
[Date "2004.09.24"]
[Round "2"]
[White "L'Ami,E"]
[Black "Bromberger,S"]
[Result "1-0"]
[WhiteElo "2486"]
[BlackElo "2440"]

1.d4 Nf6 2.c4 g6 3.Nc3 Bg7 4.e4 d6 5.Nf3 O-O 6.Be2 e5 7.dxe5 dxe5 8.Qxd8 Rxd8
9.Bg5 Na6 10.Nd5 Nxd5 11.cxd5 f6 12.Be3 f5 13.Ng5 h6 14.Ne6 Bxe6 15.dxe6 f4
16.Bxa6 bxa6 17.Bd2 Rd6 18.Rc1 c6 19.Rc5 Rb8 20.Bc3 Rb5 21.Rc4 Rxe6 22.Ke2 Kf7
23.Ra4 Rb6 24.Rd1 Ke8 25.Ra5 Bf6 26.Rd2 h5 27.f3 Ke7 28.b3 Ke8 29.Rd1 Rb7
30.Rxa6 Bd8 31.Ba5 Bb6 32.Bxb6 axb6 33.Ra8+ Kf7 34.h4 Ree7 35.a4 Ra7 36.Rxa7 Rxa7
37.Rd6 b5 38.axb5 cxb5 39.Rd5 Ra2+ 40.Kf1 b4 41.Rb5 Rb2 42.Rxb4 Kf6 43.Rb8 Rb1+
44.Kf2 Kf7 45.b4 g5 46.Rb7+  1-0

[Event "Monarch Assurance"]
[Site "Port Erin IOM"]
[Date "2004.09.25"]
[Round "1"]
[White "Volkov,S1"]
[Black "McNab,C"]
[Result "1-0"]
[WhiteElo "2625"]
[BlackElo "2427"]

1.d4 d6 2.Nf3 g6 3.c4 Bg7 4.Nc3 Nd7 5.e4 e5 6.Be2 Ngf6 7.O-O O-O 8.Be3 Re8
9.Qc2 exd4 10.Nxd4 c6 11.Rad1 a5 12.f3 Qe7 13.Rfe1 Nc5 14.b3 Bd7 15.Bf1 Rad8
16.a3 Nh5 17.b4 axb4 18.axb4 Ne6 19.Nde2 Be5 20.g3 g5 21.Bg2 Kh8 22.Na4 Rg8
23.Nb6 Be8 24.Kh1 Qf6 25.c5 Qh6 26.Bf2 f6 27.Nc4 d5 28.exd5 cxd5 29.Nxe5 fxe5
30.Nc3 d4 31.Ne4 Bc6 32.Nd6 Rgf8 33.Qe2 Nhg7 34.Qxe5 Bxf3 35.Bxf3 Rxf3 36.Bxd4 Nxd4
37.Qxd4 Rdf8 38.Ne4 Qc6 39.Kg1 h6 40.Qd6 Re8 41.b5 Qxd6 42.Nxd6  1-0